| 000 | 00731nam a22002177a 4500 | ||
|---|---|---|---|
| 003 | UA-OsUOA | ||
| 001 | 94991 | ||
| 007 | ta | ||
| 008 | 20130220b un ||||| |||| 00| 0 ukr d | ||
| 100 | _aНебеленчук І. | ||
| 090 |
_a82 _bН39 |
||
| 942 | _cSA | ||
| 040 |
_aUA-OsUOA _bukr _cUA-OsUOA _dUA-OsUOA |
||
| 245 | _aОсобливості поетичного стилю П. Тичини, основні мотиви його творчості | ||
| 300 | _aС.5-11 | ||
| 955 | _a0 | ||
| 041 | _aukr | ||
| 080 | _a82 | ||
| 773 | 0 |
_w94988 _tУкраїнська література в загальноосвітній школі _dК. _d2013 _g1 |
|
| 650 | 7 |
_a82 Література. Літературознавство _2UDC |
|
| 999 |
_c381237 _d381237 |
||